[Event "HCL-C4113"]
[Site "www.playchess.de"]
[Date "2006.02.12"]
[Round "8"]
[White "Littlearza"]
[Black "Ultimate"]
[WhiteElo "1584"]
[BlackElo "800"]
[PlyCount "44"]
[Result "0-1"]

1.e4 e5 2.Nf3 Nc6 3.Bc4 Bc5 4.Nc3 Nf6 5.h3 d6 
6.O-O O-O 7.d3 Be6 8.b3 Nd4 9.Nd5 Bxd5 10.exd5 b5 
11.b4 Nxf3+ 12.Qxf3 Bd4 13.Qg3 bxc4 14.Bh6 Nh5 
15.Qg4 Bxa1 16.Rxa1 cxd3 17.cxd3 Qf6 18.Be3 Qg6 
19.Qd7 Qxd3 20.Qxc7 Qxd5 21.Bxa7 Nf4 22.Be3 
Qxg2+ 0-1

[Event "HCL-T258"]
[Site "www.playchess.de"]
[Date "2006.02.12"]
[Round "19"]
[White "stevetilbury"]
[Black "GCP"]
[WhiteElo "1562"]
[BlackElo "1398"]
[PlyCount "77"]
[Result "1-0"]

1.b4 e5 {hello from Rome, have a good game}  2.Bb2 
{Hello from london, look forward to the game}  
Bxb4 3.Bxe5 Nf6 4.a3 Be7 5.e3 Nc6 6.Bb2 O-O 7.Nf3 
d5 8.c4 Be6 9.cxd5 Nxd5 10.Bb5 Na5 11.O-O c6 
12.Be2 Bf6 13.Bxf6 Nxf6 14.d4 Qe7 15.Nc3 b6 16.Ng5 
Bc4 17.Bxc4 Nxc4 18.Qd3 Nxa3 19.e4 h6 20.Nf3 Nb5 
21.Nxb5 cxb5 22.e5 Nd5 23.Qxb5 Rfd8 24.Rfc1 g5 
25.h3 Nc7 26.Qc6 Ne6 27.d5 Nf4 28.d6 Qd7 29.Qe4 
Rac8 30.h4 Rxc1+ 31.Rxc1 Ne6 32.hxg5 hxg5 33.Qf5 
a5 34.Nxg5 Nxg5 35.Qxg5+ Kf8 36.Qh6+ Kg8 37.Rc3 f6 
{easy and well made}  38.Rg3+ {Thanks}  Kf7 
39.Rg7+ 1-0

[Event "HCL-A2564"]
[Site "www.playchess.de"]
[Date "2006.02.12"]
[Round "30"]
[White "Matu"]
[Black "GCP"]
[WhiteElo "1495"]
[BlackElo "1413"]
[PlyCount "60"]
[Result "0-1"]

1.e4 d6 {hello, have a good game}  2.c3 {hello and 
good luck}  Nf6 3.d3 g6 4.g3 Bg7 5.Bg2 c6 6.f4 
Nbd7 7.Nf3 e5 8.fxe5 Nxe5 9.Nxe5 dxe5 10.Qe2 O-O 
11.Nd2 Bg4 12.Bf3 Bh3 13.Nc4 Nd7 14.Be3 b5 15.Na3 
a5 16.Bg2 Bxg2 17.Qxg2 b4 18.Nc4 Nb8 19.Qe2 Na6 
20.Bb6 Qd7 21.Bxa5 bxc3 22.Nb6 cxb2 23.Rb1 Qd8 
24.O-O Rb8 25.Nc4 Qd4+ 26.Rf2 Nc5 27.Kg2 Nxd3 
28.Rf3 Qxc4 29.Rxd3 Qxa2 30.Qc2 
Qxa5 0-1

[Event "HCL-B3785"]
[Site "www.playchess.de"]
[Date "2006.02.12"]
[Round "10"]
[White "newplayer"]
[Black "ulibear"]
[WhiteElo "1088"]
[BlackElo "1302"]
[PlyCount "138"]
[Result "0-1"]

1.e4 c6 {Prost Neujahr!}  2.Nc3 {danke wuensch 
euch ein gesundes frohes 2006 unsere party ist 
schon im gang  grillen ein ganzes lamm sind viel 
leute hier haben heute aber nur noch 27grad und  
wir sind eine stunde vor euch dran mit dem sekt}  
d5 {na dann, viel Spaß! Ganz neidisch, denn wir 
müssen uns auf Schnee und eisglatte Straßen 
einstellen :-)}  3.exd5 {hoffe hattest einen guten 
rutsch
:-) auf den eisstrassen alles gute fuer 2006 
(nicht beim schach)}  cxd5 {alles bestens, nur ein 
bißchen müde nach der langen Nacht! :-)}  4.Bb5+ 
{:-) stimmt hier auch 
nicht mehr gewohnt das lange wachbleiben}  Nc6 
5.d4 a6 6.Bxc6+ bxc6 7.Na4 Qa5+ 8.Nc3 e6 9.a3 Nf6 
10.Bd2 Qc7 11.Bg5 Be7 12.Bxf6 Bxf6 13.Nf3 O-O 
14.O-O c5 15.a4 c4 16.Re1 Bb7 17.Qd2 Rfe8 18.Ng5 
h6 19.Nf3 Bc6 20.Ne5 Rab8 21.Ra2 Bb7 22.Ng4 Bg5 
23.Qe2 Bc8 24.a5 Be7 25.Qe5 Bd6 26.Qe3 Bf4 27.Qf3 
f6 28.g3 Bd6 29.Rb1 Bb4 30.Rba1 h5 31.Ne3 Bxc3 
32.bxc3 Qf7 33.R2a4 Bd7 34.Rb4 Bb5 35.h4 Bc6 
36.Rab1 Rxb4 37.Rxb4 Bb5 38.Ng2 g6 39.Qf4 e5 
40.dxe5 fxe5 41.Qxf7+ Kxf7 42.Rb1 Kf6 43.Ne3 Rd8 
44.Kg2 d4 45.cxd4 exd4 46.Nf1 Bc6+ 47.f3 Bb5 
48.Nd2 Kf5 49.Re1 Rd5 50.Kh3 d3 51.g4+ hxg4+ 
52.fxg4+ Kf6 53.Ne4+ Kg7 54.Nc3 d2 55.Rd1 Rd8 
56.Nxb5 axb5 57.a6 c3 58.Kg3 Ra8 59.Kf3 Rxa6 
60.Ke3 Re6+ 61.Kd3 b4 62.Kc4 Re1 {wow! :-)}  
63.Kxb4 {noch nicht  :-))}  Rxd1 64.Kxc3 Kf6 {da 
hast Du Recht! Aber noch spielt mein König nicht 
richtig mit! :-)}  65.Kd3 Ke5 66.Ke2 Rg1 67.h5 
d1Q+ {Pech! :-)}  68.Ke3 {leider sieht nicht gut 
aus}  Qe1+ {korrekt}  69.Kd3 {ich werde  das 
wochenende in einen wildpark  fahren und mich  vom 
schach erholen und danach werde ich  aufgeben und 
versuchen mich langsam wieder in die  bklasse 
hochzu denken}  Rg3+ {das klingt sehr verlockend 
... viel Spass an der Natur! Hier gibt's nur ein 
stetes  Auf und Ab, aber das macht ja auch den 
Spaas aus :-)}  0-1

[Event "HCL-E1571"]
[Site "www.playchess.de"]
[Date "2006.02.12"]
[Round "4"]
[White "mrchess"]
[Black "chess50"]
[WhiteElo "1502"]
[BlackElo "2108"]
[PlyCount "78"]
[Result "0-1"]

1.d4 {good game}  Nf6 2.e3 d5 3.Bd3 c5 4.c3 Nc6 
5.Nf3 c4 6.Bc2 Bg4 7.Nbd2 e6 8.O-O Be7 9.h3 Bxf3 
10.Nxf3 O-O 11.Bd2 Qc7 12.Re1 Bd6 13.e4 dxe4 
14.Bxe4 Nxe4 15.Rxe4 b5 16.Qe2 Rad8 17.Ne5 Nxe5 
18.dxe5 Bxe5 19.Be3 f5 20.Rh4 Bf6 21.Rd4 Bxd4 
22.Bxd4 Rfe8 23.Re1 a6 24.Qe3 Rd7 25.Qe5 Qxe5 
26.Rxe5 Rd5 27.f4 Rxe5 28.Bxe5 Rd8 29.Bd4 Rd7 
30.Kf2 Kf7 31.Kg3 h6 32.Kf3 g5 33.g3 Kg6 34.a3 a5 
35.Ke3 gxf4+ 36.Kxf4 Rd5 37.h4 h5 38.Ke3 e5 39.Bb6 
Rd3+ 0-1

[Event "HCL-A2595"]
[Site "www.playchess.de"]
[Date "2006.02.12"]
[Round "9"]
[White "steady_eddie"]
[Black "onin"]
[WhiteElo "1671"]
[BlackElo "1700"]
[PlyCount "33"]
[Result "1-0"]

1.d4 d5 2.c4 e6 3.Nc3 Nf6 4.Bg5 Be7 5.e3 O-O 6.Nf3 
Nbd7 7.Rc1 h6 8.Bh4 c6 9.a3 Ne4 10.Bxe7 Nxc3 
11.Rxc3 Qxe7 12.Bd3 e5 13.dxe5 Nxe5 14.cxd5 cxd5 
15.Nxe5 Qxe5 16.O-O Qh5 17.Qxh5 1-0

[Event "HCL-M887"]
[Site "www.playchess.de"]
[Date "2006.02.12"]
[Round "10"]
[White "Duffy"]
[Black "Hamburger"]
[WhiteElo "1570"]
[BlackElo "1826"]
[PlyCount "92"]
[Result "0-1"]

1.d4 {Hi, and a good game!}  d5 {Hi. Nice to meet 
you. Good luck.}  2.Nf3 Nf6 3.e3 Bg4 4.Nbd2 e6 
5.Bd3 c5 6.O-O c4 7.Be2 Nc6 8.c3 b5 9.h3 Bh5 
10.Re1 a5 11.Nh2 Bxe2 12.Qxe2 b4 13.e4 bxc3 
14.bxc3 Rb8 15.a4 Be7 16.Ba3 O-O 17.e5 Nd7 18.Bxe7 
Qxe7 19.Ndf3 Rfe8 20.Ng4 Rb3 21.Qc2 Reb8 22.Reb1 
R3xb1+ 23.Rxb1 f6 24.Rxb8+ Ncxb8 25.Qb2 Qd8 
26.exf6 gxf6 27.Qe2 Qb6 28.Nh6+ Kg7 29.Nf5+ exf5 
30.Qe7+ Kg8 31.Nh4 Qb1+ 32.Kh2 Qe4 33.Qd8+ Kf7 
34.Qxa5 Qxh4 35.Qxd5+ Kg6 36.g3 Qe4 37.Qg8+ Kh6 
38.Qxc4 Qf3 39.Kg1 f4 40.Qc7 fxg3 41.fxg3 Qd1+ 
42.Kf2 Qxa4 43.Qf4+ Kg7 44.Qc7 Qc6 45.Qa5 Nb6 
46.Qb4 N8d7 0-1

[Event "HCL-E1566"]
[Site "www.playchess.de"]
[Date "2006.02.12"]
[Round "4"]
[White "alldrix"]
[Black "Matu"]
[WhiteElo "1624"]
[BlackElo "1521"]
[PlyCount "69"]
[Result "1/2-1/2"]

1.e4 {hello again, my great adversary :)}  c6 
{hello again and good luck}  2.d4 d5 3.Nc3 dxe4 
4.Nxe4 Nf6 5.Nxf6+ exf6 6.Nf3 Bd6 7.Be2 Bf5 8.O-O 
O-O 9.c4 Nd7 10.Bd3 Bxd3 11.Qxd3 Rc8 12.c5 Bb8 
13.Re1 Nxc5 14.Qc3 Ne6 15.b4 Qd6 16.Ba3 Qd7 
17.Rad1 Rfd8 18.Bb2 Bd6 19.a3 Bf8 20.Qe3 Nc7 
21.Nd2 Nd5 22.Qf3 Rde8 23.Ne4 Qd8 24.Re2 g6 
25.Rde1 Bg7 26.Nc5 Rxe2 27.Rxe2 b6 28.Nb3 Qd6 
29.g3 f5 30.Nd2 Qd7 31.Nc4 Re8 32.Ne3 Nxe3 33.fxe3 
Re4 34.Kf2 Qe6 35.h4 {(offering draw)} 
 1/2-1/2

[Event "HCL-E1502"]
[Site "www.playchess.de"]
[Date "2006.02.12"]
[Round "23"]
[White "PLAYCHESS1963"]
[Black "Dutchin"]
[WhiteElo "1728"]
[BlackElo "1657"]
[PlyCount "83"]
[Result "1-0"]

1.e4 d5 {Welcome to this tournament}  2.exd5 {you 
too}  Qxd5 3.Nc3 Qa5 4.d4 Nf6 5.Bd2 c6 6.Bd3 Bg4 
7.Nf3 e6 8.Ne4 Qd8 9.Bc3 Nbd7 10.Nxf6+ Nxf6 11.O-O 
Bd6 12.h3 Bxf3 13.Qxf3 O-O 14.Rad1 Qc7 15.b3 b5 
16.Bb2 a5 17.c4 b4 18.d5 Be5 19.d6 Bxd6 20.Bxf6 
gxf6 21.Qxf6 Qe7 22.Qh6 f5 23.Rfe1 Rae8 24.c5 Bxc5 
25.Rxe6 Qg7 26.Qxg7+ Kxg7 27.Rxc6 Re5 28.Bc4 Rfe8 
29.Kf1 Kh8 30.g3 f4 31.Kg2 fxg3 32.fxg3 Bf8 33.Rd7 
R5e7 34.Rcc7 Rxd7 35.Rxd7 Ra8 36.Bd3 Bg7 37.h4 Kg8 
38.g4 h6 39.g5 a4 40.g6 axb3 41.Bc4+ Kf8 
42.Rf7+ 1-0

[Event "HCL-E1543"]
[Site "www.playchess.de"]
[Date "2006.02.12"]
[Round "5"]
[White "Skipper"]
[Black "One_i"]
[WhiteElo "1504"]
[BlackElo "1701"]
[PlyCount "56"]
[Result "0-1"]

1.e4 d5 {Hi, have a good game.}  2.exd5 {same to 
u. my 2nd scandinavian (the other as Black) in 
this tournament!}  Nf6 {The Scandinavian is very 
popular at Playchess.de}  3.c4 {I'm learning to 
play the 'Scandinavian'too but as Black!}  e6 {Ok} 
 4.dxe6 Bxe6 5.Nf3 Qe7 6.Qe2 Nc6 7.d4 Qb4+ 8.Nc3 
O-O-O 9.a3 Qb3 10.d5 Bf5 11.dxc6 Bc5 12.cxb7+ Kb8 
13.Ne5 Rd6 14.Nxf7 Bg4 15.Nxh8 Bxe2 16.Bxe2 Rd8 
17.Nf7 Bxf2+ 18.Kxf2 Rf8 19.Ng5 Ne4+ 20.Ke1 Nxc3 
21.Bf3 Re8+ 22.Kf2 Qc2+ 23.Kg3 Ne2+ 24.Kh3 h5 
25.Re1 a6 26.Rxe2 Rxe2 27.Bxe2 Qxe2 28.b4 
Qg4+ 0-1

[Event "ACL-A655"]
[Site "www.playchess.de"]
[Date "2006.02.12"]
[Round "7"]
[White "Chascarrillo"]
[Black "PrinceKheldar"]
[WhiteElo "2132"]
[BlackElo "1868"]
[PlyCount "41"]
[Result "1-0"]

1.d4 Nf6 2.Nc3 d5 3.e4 dxe4 4.f3 Bf5 5.fxe4 Nxe4 
6.Qf3 Nxc3 7.bxc3 e6 8.Qxb7 Nd7 9.Nf3 Rb8 10.Qxa7 
Bxc2 11.Bg5 f6 12.Bd2 Be4 13.Qa4 c6 14.Ba6 Rb2 
15.Qc4 Kf7 16.Qe2 Bxf3 17.Qxf3 c5 18.Bc1 Rb6 
19.Be2 cxd4 20.cxd4 Bb4+ 21.Kf2 1-0

[Event "HCL-B3864"]
[Site "www.playchess.de"]
[Date "2006.02.12"]
[Round "8"]
[White "eisbaer17"]
[Black "bob19"]
[WhiteElo "1235"]
[BlackElo "1421"]
[PlyCount "76"]
[Result "0-1"]

1.e4 c5 2.Bc4 e6 3.Nc3 a6 4.e5 Nc6 5.Nf3 b5 6.Be2 
d5 7.exd6 Bxd6 8.d3 Nf6 9.Bg5 h6 10.Bxf6 Qxf6 
11.Rb1 O-O 12.Ne4 Qe7 13.c4 Nd4 14.O-O Nxe2+ 
15.Qxe2 Bb7 16.Nxd6 Qxd6 17.Ne5 Rad8 18.Rfd1 Qe7 
19.Qg4 Rd4 20.Qg3 Rfd8 21.b3 b4 22.Rd2 Qh4 23.Qe3 
Qg5 24.Qxg5 hxg5 25.Rbd1 f6 26.Nf3 Bxf3 27.gxf3 
Kf7 28.Kg2 e5 29.Kg3 Kg6 30.a3 bxa3 31.Ra2 R4xd3 
32.Rxd3 Rxd3 33.Rxa3 e4 34.Rxa6 Rxf3+ 35.Kg2 Rxb3 
36.Rc6 e3 37.Re6 exf2 38.Kxf2 Rc3 0-1

[Event "HCL-A2519"]
[Site "www.playchess.de"]
[Date "2006.02.12"]
[Round "17"]
[White "Wernswig"]
[Black "schachsky"]
[WhiteElo "1489"]
[BlackElo "1141"]
[PlyCount "95"]
[Result "1-0"]

1.e4 {hello, have a nice game}  e5 {Thx, you too!} 
 2.f4 exf4 3.Nf3 d6 4.d4 g5 5.h3 f5 6.Nbd2 fxe4 
7.Nxe4 h6 8.Bc4 Bf5 9.Nfd2 d5 10.Qh5+ Ke7 11.Nxg5 
Qe8 12.Qh4 Nf6 13.O-O Qh5 14.Qxh5 Nxh5 15.Bxd5 c6 
16.Bc4 hxg5 17.g4 Ng3 18.Re1+ Kf6 19.gxf5 Rxh3 
20.Ne4+ Kxf5 21.Be6+ Kxe6 22.Nxg5+ Kf5 {Das 
beginnt ja gut im neuen Jahr!}  23.Nxh3 {ich 
denke, daß war ein schöner zug}  Bd6 {Deiner,ja!}  
24.Kg2 Kg4 25.Nf2+ Kf5 26.Nd3 Nd7 27.Kf3 Nh5 
28.Bd2 Rg8 29.Reg1 Rg3+ 30.Rxg3 fxg3 31.Rf1 Kg6 
32.Bf4 Nxf4 33.Nxf4+ Kg5 34.Kxg3 Nf6 35.Rh1 Ne4+ 
36.Kf3 Nd2+ 37.Ke2 Bxf4 38.Rh7 b5 39.Rxa7 Nc4 
40.b3 Nd6 41.Ra6 Ne4 42.Rxc6 b4 43.Kd3 Kf5 44.Kc4 
Bd2 45.d5 Ke5 46.Re6+ Kf5 47.Kd4 Bf4 48.Rxe4 {???} 
 1-0

[Event "HCL-A2581"]
[Site "www.playchess.de"]
[Date "2006.02.12"]
[Round "2"]
[White "Spotsychess"]
[Black "gridguy"]
[WhiteElo "1448"]
[BlackElo "1716"]
[PlyCount "50"]
[Result "1/2-1/2"]

1.e4 c5 2.Bc4 Nc6 3.Nc3 Nf6 4.d3 e6 5.a3 d5 6.exd5 
Nxd5 7.Nxd5 exd5 8.Ba2 b5 9.Nf3 Bg4 10.h3 Qe7+ 
11.Qe2 Qxe2+ 12.Kxe2 Bxf3+ 13.gxf3 Nd4+ 14.Kd1 c4 
15.Re1+ Kd7 16.dxc4 dxc4 17.f4 Bc5 18.Be3 Kd6 
19.c3 Nf3 20.Rh1 Rhe8 21.Ke2 Nh4 22.Rad1+ Kc6 
23.Bb1 f5 24.Rhg1 g6 25.Bc2 Re6 {(offering draw)} 
 1/2-1/2

[Event "HCL-A2516"]
[Site "www.playchess.de"]
[Date "2006.02.12"]
[Round "26"]
[White "stevetilbury"]
[Black "schachsky"]
[WhiteElo "1523"]
[BlackElo "1141"]
[PlyCount "71"]
[Result "1-0"]

1.e4 e5 {Have a nice game!}  2.Nf3 {Thanks - 
looking forward to an interesting game}  d6 {as 
far as possible seeing the difference in rating 
-:)}  3.d4 {I wouldn't worry too much about the 
ratings. I can play +/- 400 to my rating quite 
easily}  exd4 {on this site I don't find it as 
easy as that. Besides that, I've also a rating 
bandwith -:)}  4.Qxd4 Nc6 5.Bb5 {My rating hasn't 
changed that much on this site - it  the quality 
of my moves that canbe +/-400}  Bd7 {Ok that I'd 
understood; we will see in this game; but in my 
experience at this site I've more difficulties 
with rating differences than on another side 
(letsplaychess.com) where I also play.}  6.Bxc6 
Bxc6 7.Nc3 {I play there as well, but only 
recently}  Qd7 {under the same name? I guess not; 
I didn't find you ...}  8.O-O Be7 9.Be3 {I use my 
real name on that site - steveberkley as I do on 
ICC. The name wasn't available on this site. 
Tilbury is the name of the road I live in!}  Nf6 
{we've a town called Tilburg in Holland; that's 
about the same name, I guess. But I don't live 
there. I live in Almere, in the neighbourhood of 
Amsterdam.}  10.Rad1 {Tilburg is well known for 
the major chess tournaments}  Bb5 {Of course, you 
won't forget it -:)}  11.Nxb5 Qxb5 12.Rd3 c5 
13.Qc3 Nxe4 14.Qxg7 Bf6 15.Qg4 Qc6 16.Re1 c4 
17.Bd4 d5 18.Rde3 Bxd4 19.Nxd4 Qg6 20.Qxg6 hxg6 
21.f3 O-O 22.fxe4 dxe4 23.R3xe4 f5 24.R4e7 Rad8 
25.c3 Rf7 26.Kf2 b5 27.R7e8+ Rxe8 28.Rxe8+ Kh7 
29.Rb8 a6 30.Rb6 Ra7 31.Nc6 Ra8 32.Rb8 Rxb8 
33.Nxb8 a5 34.Ke3 Kg7 35.Kd4 Kf6 
36.Kc5 1-0

[Event "HCL-A2595"]
[Site "www.playchess.de"]
[Date "2006.02.12"]
[Round "6"]
[White "onin"]
[Black "PhilipKaveny"]
[WhiteElo "1700"]
[BlackElo "1396"]
[PlyCount "61"]
[Result "1-0"]

1.d4 g6 2.e4 d6 3.Nc3 Bg7 4.Nf3 Nf6 5.Be2 O-O 
6.O-O c6 7.e5 dxe5 8.dxe5 Ng4 9.Bf4 Qc7 10.Qd4 Rd8 
11.Qe4 Qb6 12.Na4 Qa5 13.Bd2 Qc7 14.Bf4 Be6 
15.Rfd1 Nd7 {How is your English --You have me up 
against the ropes}  16.Nd4 Bxe5 17.Bxe5 Ngxe5 
18.Nxe6 fxe6 19.f4 Nb6 20.fxe5 Nxa4 21.Qxa4 Qxe5 
22.Qc4 Rxd1+ 23.Rxd1 Qe3+ 24.Kh1 Rf8 25.Bg4 Qf4 
26.Bxe6+ Kg7 27.Qc3+ Kh6 28.Qh3+ Kg7 29.Qd3 Qf2 
30.Bc4 b5 31.Rf1 1-0

[Event "HCL-B3833"]
[Site "www.playchess.de"]
[Date "2006.02.12"]
[Round "3"]
[White "PhilipKaveny"]
[Black "schachsky"]
[WhiteElo "1353"]
[BlackElo "1192"]
[PlyCount "51"]
[Result "1-0"]

1.e4 {I just lost six games in a row. What a 
wonderfull Quotation. 

Enjoy your game like a child, but take your fate 
like a gentle(wo)man! Es geht um Spassky beim 
Schachsky! It's about Spassky with Schachsky! 


}  e5 {thx and it's a nice thing at this site that 
most people agree with that!Although there have 
been (and are?) some exceptions.}  2.f4 {I took me 
awhile but yes}  d6 {it took time to get 
acquainted, or what do you mean?}  3.Nf3 {I just 
like you phrase}  Bg4 4.Bc4 Nf6 5.d3 Be7 6.O-O c6 
7.h3 Bd7 8.fxe5 dxe5 9.Nxe5 Be6 10.Bxe6 fxe6 
11.Nf3 O-O 12.c3 Nbd7 13.Ng5 e5 14.Ne6 Qb6+ 
{oopsy, always this pattern ... -:)}  15.Kh1 Rfe8 
16.Nd2 Bd6 17.Nc4 Qa6 18.Ng5 Bc7 19.b4 b5 20.Ne3 
h6 21.Qb3+ Kh8 22.Nf7+ Kh7 23.Nf5 Ref8 24.N7d6 g6 
25.Bxh6 Rfb8 26.Qf7+ 1-0

[Event "HCL-C4142"]
[Site "www.playchess.de"]
[Date "2006.02.12"]
[Round "8"]
[White "Kelthek"]
[Black "aussie"]
[WhiteElo "712"]
[BlackElo "1114"]
[PlyCount "46"]
[Result "0-1"]

1.Nf3 Nc6 {greetings from New Jersey & good luck}  
2.e4 {hello from VA and good luck to you as well}  
e5 3.Bc4 Nf6 4.Qe2 Bc5 5.Bb3 d6 6.Qc4 Be6 7.Qb5 
Rb8 8.O-O O-O 9.Nc3 Bd7 10.d3 Nd4 11.Qa5 Nxf3+ 
12.gxf3 Bh3 13.Re1 Nh5 14.Nd5 Qh4 15.Be3 Bxe3 
16.Nxe3 Qg5+ 17.Ng4 Nf4 18.Qxc7 h5 19.Re3 hxg4 
20.fxg4 Qxg4+ 21.Rg3 Ne2+ 22.Kh1 Nxg3+ 23.hxg3 
Qf3+ 0-1

[Event "HCL-C4098"]
[Site "www.playchess.de"]
[Date "2006.02.12"]
[Round "2"]
[White "aidogael"]
[Black "valpa"]
[WhiteElo "1126"]
[BlackElo "1085"]
[PlyCount "42"]
[Result "1/2-1/2"]

1.e4 d5 2.e5 e6 3.d4 Nc6 4.Nf3 Be7 5.Bb5 Bd7 
6.Bxc6 Bxc6 7.O-O f6 8.Nc3 Bb4 9.a3 Bxc3 10.bxc3 
Ne7 11.Bf4 O-O 12.exf6 Rxf6 13.Be5 Rf8 14.Rb1 b6 
15.Qd2 Ng6 16.Ne1 Bd7 17.Nd3 Nxe5 18.Nxe5 Qe7 
19.Nxd7 Qxd7 20.Rbe1 Rae8 21.Re5 Qc8 {(offering 
draw)}  1/2-1/2

[Event "HCL-B3866"]
[Site "www.playchess.de"]
[Date "2006.02.12"]
[Round "5"]
[White "Ebaw"]
[Black "cheloveck"]
[WhiteElo "1351"]
[BlackElo "1131"]
[PlyCount "84"]
[Result "0-1"]

1.e4 e5 2.Nf3 Nc6 3.d4 exd4 4.Nxd4 Nxd4 5.Qxd4 d6 
6.Bc4 Be6 7.Bxe6 fxe6 8.Be3 e5 9.Qa4+ Qd7 10.Qxd7+ 
Kxd7 11.Nc3 Nf6 12.O-O-O h6 13.f3 g5 14.Nd5 Bg7 
15.Rd2 Nxd5 16.Rxd5 b6 17.Rhd1 Rhf8 18.Bf2 Rf6 
19.h4 Rg8 20.hxg5 hxg5 21.Be3 Bh6 22.Rh1 Bf8 
23.Rh5 g4 24.Rf5 Rxf5 25.exf5 gxf3 26.gxf3 Be7 
27.Rd1 Bg5 28.Kd2 Ke7 29.Kd3 Bxe3 30.Kxe3 Rg5 
31.Ke4 Kf6 32.Rh1 a5 33.Rh7 Rg7 34.Rh8 Rg2 35.Kd3 
Kxf5 36.Rc8 Rf2 37.Rf8+ Ke6 38.a3 e4+ 39.Kxe4 Rxc2 
40.Rc8 c5 41.b4 axb4 42.axb4 Rc4+ 0-1

[Event "HCL-C4071"]
[Site "www.playchess.de"]
[Date "2006.02.12"]
[Round "11"]
[White "Gordon"]
[Black "aussie"]
[WhiteElo "961"]
[BlackElo "1079"]
[PlyCount "87"]
[Result "1-0"]

1.e4 e5 2.Nf3 Nc6 3.Bb5 a6 4.Ba4 b5 5.Bb3 Nf6 
6.O-O Bc5 7.Ng5 d5 8.exd5 Nxd5 9.Qh5 g6 10.Qh6 Bf8 
11.Qh4 h6 12.d3 Bg7 13.Qe4 Be6 14.Nxe6 fxe6 
15.Qxg6+ Kf8 16.Be3 Nce7 17.Qxe6 c6 18.f4 Ke8 
19.f5 Rf8 20.f6 Bxf6 21.Bxh6 Nc7 22.Qg4 Qd4+ 
23.Qxd4 exd4 24.Bxf8 Bg5 25.Na3 Kd7 26.Rae1 Ng6 
27.Rf7+ Kc8 28.Be6+ Kb7 29.Bc5 Be3+ 30.Kf1 Ne5 
31.Rf5 Ng4 32.h3 Nh2+ 33.Ke2 Nxe6 34.Rf7+ Nc7 
35.Bd6 Rc8 36.Bxh2 Kb6 37.Bf4 Bxf4 38.Rxf4 Re8+ 
39.Re4 Rxe4+ 40.dxe4 Ne6 41.h4 Nf4+ 42.Kf3 Ne6 
43.g4 c5 44.g5 1-0

[Event "HCL-B3861"]
[Site "www.playchess.de"]
[Date "2006.02.12"]
[Round "5"]
[White "ulibear"]
[Black "GMO"]
[WhiteElo "1179"]
[BlackElo "1331"]
[PlyCount "50"]
[Result "0-1"]

1.d4 {hello and good luck! :-)}  d5 {Hi...}  2.c4 
dxc4 3.Nf3 Bf5 4.Nc3 e6 5.e4 Bg6 6.Bxc4 Be7 7.O-O 
Bb4 8.Qa4+ Nc6 9.Re1 a6 10.Ne5 Bxc3 11.Nxg6 hxg6 
12.bxc3 b5 13.Bxb5 axb5 14.Qxb5 Nge7 15.d5 O-O 
16.dxc6 Qe8 17.Qe2 Qxc6 18.Bb2 Rfb8 19.c4 Rb4 
20.Rec1 Raa4 21.Rcd1 Qa8 22.Bc3 Rbxc4 23.Bd4 Rcxd4 
24.Rxd4 Rxd4 25.f3 c5 0-1

[Event "HCL-B3866"]
[Site "www.playchess.de"]
[Date "2006.02.12"]
[Round "7"]
[White "CYTO"]
[Black "schnitzly"]
[WhiteElo "1197"]
[BlackElo "1241"]
[PlyCount "52"]
[Result "1/2-1/2"]

1.e4 {Hello, it has been a long time since we have 
played :-)}  e5 {oh yes! Lets play :-)}  2.Nf3 Nf6 
3.Nxe5 d6 4.Nf3 Nxe4 5.d3 Nf6 6.Be2 Be7 7.c4 O-O 
8.O-O h6 9.Nc3 Nc6 10.a3 Re8 11.Bf4 Be6 12.b3 a6 
13.d4 Bf5 14.Bd3 Bxd3 15.Qxd3 Nh5 16.Bd2 Bf6 
17.Rae1 Qd7 18.Nd5 Rxe1 19.Rxe1 Ne7 20.Nxf6+ Nxf6 
21.a4 Re8 22.d5 Ng6 23.Rxe8+ Qxe8 24.h4 Ne5 
25.Nxe5 Qxe5 26.Bc3 Qe7 {(offering draw)} 
 1/2-1/2

[Event "HCL-A2436"]
[Site "www.playchess.de"]
[Date "2006.02.12"]
[Round "5"]
[White "Herb_CN"]
[Black "organic"]
[WhiteElo "1429"]
[BlackElo "1280"]
[PlyCount "71"]
[Result "1-0"]

1.d4 Nf6 2.c4 {Hi, good luck!}  g6 {The same to 
you!}  3.Nc3 Bg7 4.e4 d6 5.Nf3 O-O 6.Be2 e5 7.O-O 
Bg4 8.d5 Nbd7 9.Be3 Nh5 10.g3 f5 11.Ng5 Bxe2 
12.Qxe2 Nc5 13.exf5 Rxf5 14.Qd2 Qe7 15.g4 Nf4 
16.Nce4 Nxe4 17.Nxe4 Nh3+ 18.Kg2 Nf4+ 19.Kg3 Rff8 
20.h4 h5 21.f3 Rf7 22.Ng5 Rf6 23.Rf2 c6 24.Ne4 Rf7 
25.dxc6 bxc6 26.Qxd6 Qxd6 27.Nxd6 Rf6 28.Rd1 Raf8 
29.Rdd2 Bh6 30.g5 Bxg5 31.hxg5 Re6 32.Ne4 Kg7 
33.Nf6 Rexf6 34.gxf6+ Rxf6 35.Bxf4 Rxf4 
36.Rde2 1-0

[Event "HCL-B3759"]
[Site "www.playchess.de"]
[Date "2006.02.12"]
[Round "4"]
[White "dc"]
[Black "PhilipKaveny"]
[WhiteElo "885"]
[BlackElo "1349"]
[PlyCount "104"]
[Result "0-1"]

1.e4 e5 2.d4 exd4 3.Qxd4 Nc6 4.Qe3 d6 5.Bb5 Bd7 
6.Nf3 Nge7 7.Ng5 h6 8.Nxf7 Kxf7 9.Qf3+ Ke8 10.Qh5+ 
g6 11.Qf3 Ne5 12.Qf6 Rg8 13.Bxd7+ Qxd7 14.O-O Bg7 
15.Qf4 Rf8 16.Qg3 g5 17.Nc3 c6 18.a4 Qg4 19.Qxg4 
Nxg4 20.f3 Bd4+ 21.Kh1 Nf2+ 22.Kg1 Nxe4+ 23.Kh1 
Nf2+ 24.Kg1 Ne4+ 25.Kh1 Nxc3 26.bxc3 Bxc3 27.Rb1 
b6 28.h4 Kd7 29.h5 Rae8 30.Rb3 Be5 31.Re3 Bf4 
32.Re2 Bxc1 33.Rxc1 Nf5 34.Rd2 Ng3+ 35.Kh2 Nxh5 
36.c4 Nf4 37.Rcd1 d5 38.g3 Re2+ 39.Kg1 Rxd2 
40.Rxd2 Ng6 41.f4 gxf4 42.g4 f3 43.cxd5 Kd6 
44.dxc6+ Kxc6 45.Rc2+ Kb7 46.a5 f2+ 47.Kf1 b5 
48.Re2 Rf6 49.Rb2 Ka6 50.Rxf2 Rxf2+ 51.Kxf2 Kxa5 
52.Ke3 Ne5 0-1

[Event "HCL-C4098"]
[Site "www.playchess.de"]
[Date "2006.02.12"]
[Round "1"]
[White "valpa"]
[Black "newplayer"]
[WhiteElo "1085"]
[BlackElo "1055"]
[PlyCount "40"]
[Result "0-1"]

1.b4 {Hi}  d5 {hi how are you}  2.Bb2 d4 3.e3 e5 
4.b5 b6 5.exd4 exd4 6.Nf3 Bc5 7.c3 dxc3 8.Bxc3 f6 
9.Be2 Bg4 10.O-O a6 11.a4 a5 12.Ne1 Bf5 13.Na3 
Bxa3 14.Rxa3 g6 15.Nf3 Qd6 16.Re1 Ne7 17.Ng5 h6 
18.Nf3 Qxa3 19.Bxf6 Rh7 20.Qc2 
Bxc2 0-1

[Event "HCL-A2523"]
[Site "www.playchess.de"]
[Date "2006.02.12"]
[Round "1"]
[White "schachsky"]
[Black "mrchess"]
[WhiteElo "1141"]
[BlackElo "1434"]
[PlyCount "75"]
[Result "0-1"]

1.e4 {Wederom hallo, prettige partij!}  c5 
{bedankt jij ook he, is het vertalen over ? ik zie 
geen bestanden meer}  2.Nf3 {Ik weet van niks; heb 
een tijdje al niet meer gekeken. Heb je Thomas 
gevraagd?}  Nc6 {nee dat niet}  3.Bc4 d6 4.Nc3 e6 
5.O-O a6 6.d4 cxd4 7.Nxd4 Nf6 8.Be3 e5 9.Nf3 Be7 
10.Qd2 Ng4 11.h3 Nxe3 12.Qxe3 O-O 13.Nd5 {Beste 
wensen voor 2006!}  Rb8 {bedankt jij ook 
natuurlijk}  14.a3 Be6 15.Rad1 b5 16.Ba2 Na5 
17.Nd2 Rc8 18.Rdc1 Nc6 19.c3 Na5 20.b4 Nc4 21.Nxc4 
bxc4 22.Qe2 Bg5 23.Rcd1 Bxd5 24.Rxd5 Qc7 25.Ra5 
Qb7 26.Bxc4 Qc7 27.Bxa6 Rca8 28.Rc1 Bxc1 29.Qc2 
{nou moe, ik leer het noit achter mijn computer!}  
Bg5 {erg he het gebeurt mij ook af en toe}  30.Qd3 
{af en toe zou nog mee vallen ... 
-:)
Op internet gebeurt het me te regelmatig. Gewoon 
aan het bord begint dat inmiddels mee te vallen, 
maar internet is anders ....}  Rfb8 31.Rd5 Rb6 
32.b5 Bc1 33.c4 Bb2 34.a4 Bd4 35.a5 Rbxa6 36.bxa6 
Rxa6 37.Qa3 g6 38.Rxd6 0-1